000 00332nam a22001457a 4500
008 210302b ||||| |||| 00| 0 eng d
020 _a9780314000064
041 _aeng
080 _a611.085
082 _a611.085
100 _a9
101 _aHIS
245 _aTwentieth Century European History
_cKleine, W.L
942 _2udc
_cBK
999 _c55523
_d55523